| Tag |
First Indicator |
Second Indicator |
Subfields |
| LEADER |
00000cam a2200000Ia 4500 |
| 001 |
in00003473721 |
| 005 |
20190911101439.0 |
| 008 |
131206s2013 enka b 000 0 eng d |
| 020 |
|
|
|a 9781906582470 (pbk.)
|
| 020 |
|
|
|a 1906582475 (pbk.)
|
| 035 |
|
|
|a (OCoLC)ocn866836284
|
| 035 |
|
|
|a (OCoLC)866836284
|
| 040 |
|
|
|a NLE
|b eng
|c NLE
|d YDXCP
|d OCLCO
|d NGU
|d UtOrBLW
|
| 049 |
|
|
|a TXAM
|
| 050 |
|
4 |
|a ML3534.6.G7
|b B75 2013
|
| 082 |
0 |
4 |
|a 781.6609421
|2 23
|
| 245 |
0 |
4 |
|a The British beat explosion :
|b rock 'n' roll island /
|c [edited by JC Wheatley].
|
| 264 |
|
1 |
|a Twickenham :
|b Aurora Metro Books,
|c 2013.
|
| 300 |
|
|
|a 159 pages :
|b illustrations ;
|c 20 cm.
|
| 336 |
|
|
|a text
|b txt
|2 rdacontent
|
| 337 |
|
|
|a unmediated
|b n
|2 rdamedia
|
| 338 |
|
|
|a volume
|b nc
|2 rdacarrier
|
| 504 |
|
|
|a Includes bibliographical references.
|
| 650 |
|
0 |
|a Rock music
|z England
|x History and criticism.
|
| 650 |
|
0 |
|a Rock music
|y 1961-1970
|x History and criticism.
|
| 650 |
|
0 |
|a Nightclubs
|z England
|z London.
|
| 650 |
|
0 |
|a Beats (Persons)
|z England.
|
| 700 |
1 |
|
|a Wheatley, Jennifer.
|
| 948 |
|
|
|a cataloged
|b h
|c 2014/8/13
|d c
|e cproctor
|f 4:29:03 PM
|
| 994 |
|
|
|a C0
|b TXA
|
| 999 |
|
|
|a MARS
|
| 999 |
f |
f |
|s 765e3409-fa44-398e-9968-db9242ccab18
|i c5327293-e72c-3fcd-b272-0eed255e7a64
|t 0
|
| 952 |
f |
f |
|p ric
|a Texas A&M University
|b Rellis Campus
|c Joint Library Facility
|d Remote Storage
|t 0
|e ML3534.6.G7 B75 2013
|h Library of Congress classification
|i unmediated -- volume
|m A14842725419
|
| 998 |
f |
f |
|a ML3534.6.G7 B75 2013
|t 0
|l Remote Storage
|